A curse for true love / (Record no. 9702)
[ view plain ]
| 000 -LEADER | |
|---|---|
| fixed length control field | 01133nam a22002537a 4500 |
| 001 - CONTROL NUMBER | |
| control field | 9702 |
| 003 - CONTROL NUMBER IDENTIFIER | |
| control field | FISKH |
| 005 - DATE AND TIME OF LATEST TRANSACTION | |
| control field | 20260130090659.0 |
| 008 - FIXED-LENGTH DATA ELEMENTS--GENERAL INFORMATION | |
| fixed length control field | 260130b cb ||||| |||| 00| 0 eng d |
| 020 ## - INTERNATIONAL STANDARD BOOK NUMBER | |
| International Standard Book Number | 9781399633895 |
| 040 ## - CATALOGING SOURCE | |
| Original cataloging agency | FISKH |
| Language of cataloging | eng |
| Transcribing agency | FISKH |
| Modifying agency | FISKH |
| 050 ## - LIBRARY OF CONGRESS CALL NUMBER | |
| Classification number | PZ7.1 .G368 .C |
| 082 ## - DEWEY DECIMAL CLASSIFICATION NUMBER | |
| Classification number | 813.6 |
| 100 ## - MAIN ENTRY--PERSONAL NAME | |
| Personal name | Garbere, Stephani |
| 245 ## - TITLE STATEMENT | |
| Title | A curse for true love / |
| Statement of responsibility, etc. | Stephanie Garber |
| 250 ## - EDITION STATEMENT | |
| Edition statement | This edition published in 2025 |
| 260 ## - PUBLICATION, DISTRIBUTION, ETC. | |
| Place of publication, distribution, etc. | London : |
| Name of publisher, distributor, etc. | Great Britian, |
| Date of publication, distribution, etc. | 2023 |
| 300 ## - PHYSICAL DESCRIPTION | |
| Extent | 381 pages : |
| Other physical details | maps ; |
| Dimensions | 20 cm |
| 490 ## - SERIES STATEMENT | |
| Series statement | Once Upon a Broken Heart : |
| Volume/sequential designation | Book Three |
| 520 ## - SUMMARY, ETC. | |
| Summary, etc. | Evangeline Fox ventured to the Magnificent North in search of her happy ending, and it seems as if she has it. She's married to a handsome prince and lives in a legendary castle. But Evangeline has no idea of the devastating price she's paid for this fairytale. She doesn't know what she has lost, and her husband is determined to make sure she never finds out. . . . but first he must kill Jacks, the Prince of Hearts.<br/> |
| 650 ## - SUBJECT ADDED ENTRY--TOPICAL TERM | |
| Topical term or geographic name entry element | Fairy Tales |
| Form subdivision | Fiction |
| General subdivision | Romantasy |
| Chronological subdivision | Young Adult |
| 942 ## - ADDED ENTRY ELEMENTS (KOHA) | |
| Source of classification or shelving scheme | Dewey Decimal Classification |
| Koha item type | Books |
| Suppress in OPAC | No |
| Withdrawn status | Lost status | Source of classification or shelving scheme | Damaged status | Not for loan | Collection | Home library | Current library | Shelving location | Date acquired | Total Checkouts | Full call number | Barcode | Date due | Date last seen | Date last checked out | Copy number | Price effective from | Koha item type |
|---|---|---|---|---|---|---|---|---|---|---|---|---|---|---|---|---|---|---|
| Dewey Decimal Classification | Fiction | Footprints International School Library Network Toul Kork Campus | Footprints International School Library Network Toul Kork Campus | A TK Campus, 4th Floor, Room B401, Fiction Bookcases (1-6) | 01/30/2026 | 1 | GAR 813.6 PZ7.1 .G368 .C | 2026-0211 | 05/08/2026 | 04/24/2026 | 04/24/2026 | 1 | 01/30/2026 | Books |
